000 00890nam a22002657a 4500
001 BR8706700
003 BR-BrBNA
005 20230928092742.0
007 ta
008 230509b bl.||||| |||| 00| 0 por d
040 _aBR-BrBNA
_bpor
_cBiblioteca Nacional de Agricultura
041 _a(Por)
072 _aF25
_b/G514
090 _ F25 BR8706700
110 1 _aAssociacao de Credito e Assistencia Rural de Santa Catarina, Florianopolis (Brasil). Coordenacao de Agricultura
_9430
245 1 _aTabela de adubacao para solos de Santa Catarina [Brasil]
260 3 _aFlorianopolis, SC (Brasil):
_c1979.
300 _a24 p.
500 _a(*) Documento disponível no(a) Associacao de Credito e Assistencia Rural de Santa Catarina, Florianopolis (Brazil)
650 _aADUBACAO
650 _aSOLO
650 _aSANTA CATARINA
909 _a202309
_bLucia
_c55
_dLucia Elande
942 _cBK
999 _c40983
_d40983